[Event "RUS-ch Blitz Men 2018"]
[Site "Sochi"]
[Date "2018.10.07"]
[Round "1"]
[White "Matlakov, Maxim"]
[Black "Indzhiev, Aldar"]
[Result "1-0"]
[WhiteElo "2683"]
[BlackElo "2218"]
[Annotator "TA"]
[PlyCount "59"]
[EventDate "2018.10.07"]
[EventType "swiss"]
[EventCountry "RUS"]
[SourceTitle "playchess.com"]
[Source "ChessBase"]
[SourceQuality "1"]

1. e4 c5 2. Nf3 d6 3. Bb5+ Nd7 4. c3 Ngf6 5. Qe2 a6 6. Ba4 b5 7. Bc2 e5 8. O-O Bb7 9. d4 Qc7 10. a4 Be7 11. axb5 axb5 12. Rxa8+ Bxa8 13. Na3 b4 14. Nc4 bxc3 15. dxe5 Nxe5 16. Nfxe5 dxe5 17. bxc3 O-O 18. Bg5 Rd8 19. Bxf6 Bxf6 20. Ne3 g6 21. Bb3 Kg7 22. Nd5 Bxd5 23. Bxd5 Rb8 24. g3 Qa5 25. Qc4 Qa7 26. Rd1 Bg5 27. h4 Bh6 28. Bc6 Rc8 29. Rd7 Rc7 30. Qxf7+ 1-0

[Event "RUS-ch Blitz Men 2018"]
[Site "Sochi"]
[Date "2018.10.07"]
[Round "1"]
[White "Demchenko, Anton"]
[Black "Okun, Evgeny"]
[Result "1-0"]
[WhiteElo "2679"]
[BlackElo "2163"]
[Annotator "TA"]
[PlyCount "65"]
[EventDate "2018.10.07"]
[EventType "swiss"]
[EventCountry "RUS"]
[SourceTitle "playchess.com"]
[Source "ChessBase"]
[SourceQuality "1"]

1. e4 c5 2. Nf3 Nc6 3. Bb5 g6 4. Bxc6 dxc6 5. d3 Bg7 6. h3 e5 7. Be3 Qe7 8. Nc3 Nf6 9. Qd2 h6 10. O-O Nd7 11. Nh2 Nf8 12. f4 exf4 13. Bxf4 Ne6 14. Bg3 O-O 15. e5 Qg5 16. Qe1 h5 17. Ne4 Qe7 18. Bh4 g5 19. Nf6+ Bxf6 20. exf6 Qd6 21. Bg3 Qd4+ 22. Kh1 h4 23. Be5 Qd5 24. Rd1 Re8 25. c4 Qd8 26. Qe3 Nf4 27. Rxf4 Rxe5 28. Qxe5 gxf4 29. Qg5+ Kf8 30. Re1 Be6 31. Rxe6 fxe6 32. Qg7+ Ke8 33. f7+ 1-0

[Event "RUS-ch Blitz Men 2018"]
[Site "Sochi"]
[Date "2018.10.07"]
[Round "1"]
[White "Morozevich, Alexander"]
[Black "Rozhko, Dmitry"]
[Result "1-0"]
[WhiteElo "2656"]
[BlackElo "2305"]
[Annotator "TA"]
[PlyCount "85"]
[EventDate "2018.10.07"]
[EventType "swiss"]
[EventCountry "RUS"]
[SourceTitle "playchess.com"]
[Source "ChessBase"]
[SourceQuality "1"]

1. e4 e6 2. d4 d5 3. Nc3 dxe4 4. Nxe4 Bd7 5. Nf3 Bc6 6. Neg5 h6 7. Nxf7 Kxf7 8. Ne5+ Ke7 9. Ng6+ Kd7 10. Nxh8 Bd6 11. Nf7 Qf6 12. Nxd6 cxd6 13. c4 Ne7 14. Be3 Na6 15. Qd2 Rf8 16. b4 Be4 17. b5 Nc7 18. f3 Bg6 19. Be2 Nf5 20. Bf2 Kc8 21. O-O e5 22. d5 b6 23. a4 Nd4 24. Bxd4 exd4 25. Rfd1 d3 26. Bxd3 Qd4+ 27. Qf2 Qxf2+ 28. Kxf2 Bxd3 29. Rxd3 a5 30. Re1 Kd7 31. Rde3 Rf7 32. h4 Kd8 33. h5 Kd7 34. g4 Kd8 35. Kg3 Kd7 36. f4 Kd8 37. g5 Kd7 38. g6 Rf5 39. Re7+ Kd8 40. Rxg7 Rxh5 41. Ree7 Ne8 42. Rgf7 Nf6 43. Ra7 1-0

[Event "RUS-ch Blitz Men 2018"]
[Site "Sochi"]
[Date "2018.10.07"]
[Round "1"]
[White "Sjugirov, Sanan"]
[Black "Kalinin, Michail Borisovich"]
[Result "1-0"]
[WhiteElo "2654"]
[BlackElo "2380"]
[Annotator "TA"]
[PlyCount "63"]
[EventDate "2018.10.07"]
[EventType "swiss"]
[EventCountry "RUS"]
[SourceTitle "playchess.com"]
[Source "ChessBase"]
[SourceQuality "1"]

1. e4 e6 2. d4 d5 3. Nd2 Nf6 4. e5 Nfd7 5. f4 c5 6. Ngf3 b6 7. c3 g6 8. a4 Ba6 9. Bb5 Qc8 10. O-O Qb7 11. Qe2 Bxb5 12. axb5 a6 13. c4 axb5 14. Rxa8 Qxa8 15. cxd5 Qxd5 16. Qxb5 Be7 17. Nb1 Qc6 18. Qe2 b5 19. Nc3 c4 20. Rd1 Nb6 21. d5 exd5 22. Be3 Bc5 23. Kh1 b4 24. Na2 O-O 25. Bxc5 Qxc5 26. Nd4 Re8 27. f5 N8d7 28. e6 Nf6 29. Qe5 Qe7 30. Nc6 Qc5 31. Qxf6 fxe6 32. fxg6 1-0

[Event "RUS-ch Blitz Men 2018"]
[Site "Sochi"]
[Date "2018.10.07"]
[Round "1"]
[White "Sarana, Alexey"]
[Black "Varnazov, Lev"]
[Result "1-0"]
[WhiteElo "2641"]
[BlackElo "1973"]
[Annotator "TA"]
[PlyCount "61"]
[EventDate "2018.10.07"]
[EventType "swiss"]
[EventCountry "RUS"]
[SourceTitle "playchess.com"]
[Source "ChessBase"]
[SourceQuality "1"]

1. d4 e6 2. Nf3 Nf6 3. c4 d5 4. Nc3 Be7 5. g3 O-O 6. Bg2 Nbd7 7. Qd3 c6 8. O-O b6 9. b3 Bb7 10. e4 Rc8 11. Bb2 dxe4 12. Nxe4 c5 13. Nxf6+ Nxf6 14. Rad1 Qc7 15. dxc5 Qxc5 16. Ne5 Bxg2 17. Kxg2 Rfd8 18. Qf3 Qc7 19. g4 h6 20. h4 Bd6 21. Nd3 Ne8 22. g5 hxg5 23. hxg5 Qe7 24. Qh5 f6 25. g6 Qb7+ 26. f3 Kf8 27. Rfe1 e5 28. Qh8+ Ke7 29. Qg8 Rd7 30. Nf4 Kd8 31. Ne6+ 1-0

[Event "RUS-ch Blitz Men 2018"]
[Site "Sochi"]
[Date "2018.10.07"]
[Round "1"]
[White "Alekseenko, Kirill"]
[Black "Shemyakin, Valeriy"]
[Result "1-0"]
[WhiteElo "2639"]
[BlackElo "2213"]
[Annotator "TA"]
[PlyCount "61"]
[EventDate "2018.10.07"]
[EventType "swiss"]
[EventCountry "RUS"]
[SourceTitle "playchess.com"]
[Source "ChessBase"]
[SourceQuality "1"]

1. e4 d5 2. exd5 Qxd5 3. Nc3 Qa5 4. Nf3 Nf6 5. Bc4 c6 6. d4 Bg4 7. h3 Bxf3 8. Qxf3 e6 9. O-O Nbd7 10. Bf4 Be7 11. a3 O-O 12. Rfe1 Nb6 13. Bd3 Nbd5 14. Nxd5 cxd5 15. Be5 Nd7 16. Bg3 Bf6 17. c3 b5 18. h4 Qb6 19. Qe2 a6 20. h5 h6 21. Bc2 Be7 22. Qd3 Nf6 23. Be5 Rfd8 24. g4 Ne4 25. Rxe4 dxe4 26. Qxe4 f5 27. gxf5 exf5 28. Qxf5 Bf6 29. Re1 Bxe5 30. Rxe5 Qf6 31. Qh7+ 1-0

[Event "RUS-ch Blitz Men 2018"]
[Site "Sochi"]
[Date "2018.10.07"]
[Round "1"]
[White "Paravyan, David"]
[Black "Mnatsakanian, Arsen"]
[Result "1-0"]
[WhiteElo "2629"]
[BlackElo "2169"]
[Annotator "TA"]
[PlyCount "81"]
[EventDate "2018.10.07"]
[EventType "swiss"]
[EventCountry "RUS"]
[SourceTitle "playchess.com"]
[Source "ChessBase"]
[SourceQuality "1"]

1. e4 d6 2. d4 Nf6 3. Nc3 g6 4. Nf3 Bg7 5. Be2 O-O 6. O-O c6 7. Re1 Nbd7 8. a4 e5 9. a5 Qc7 10. Bf1 Re8 11. b3 exd4 12. Nxd4 Nc5 13. f3 Ne6 14. Be3 Nd7 15. Qd2 Ndc5 16. Red1 Rd8 17. b4 Na6 18. Rab1 Bd7 19. Kh1 Qb8 20. Nxc6 Bxc6 21. b5 Qc7 22. bxc6 Qxc6 23. Nd5 Kh8 24. Bb5 Qc8 25. Qe2 Nac5 26. Bc4 Qd7 27. Bb5 Qc8 28. Bf2 Rb8 29. c3 Nd7 30. Bh4 g5 31. Bf2 Ndc5 32. Ne7 Qc7 33. Nd5 Qxa5 34. Ra1 Bxc3 35. Rxa5 Bxa5 36. Qb2+ Kg8 37. Ne7+ Kf8 38. Nf5 Kg8 39. Qf6 Nd7 40. Bxd7 Rxd7 41. Bd4 1-0

[Event "RUS-ch Blitz Men 2018"]
[Site "Sochi"]
[Date "2018.10.07"]
[Round "1"]
[White "Ponkratov, Pavel"]
[Black "Orlinkov, Maxim L."]
[Result "1-0"]
[WhiteElo "2628"]
[BlackElo "2293"]
[Annotator "TA"]
[PlyCount "66"]
[EventDate "2018.10.07"]
[EventType "swiss"]
[EventCountry "RUS"]
[SourceTitle "playchess.com"]
[Source "ChessBase"]
[SourceQuality "1"]

1. d4 Nf6 2. Nf3 c5 3. e3 g6 4. dxc5 Qa5+ 5. Nbd2 Qxc5 6. a3 Qc7 7. b4 Bg7 8. Bb2 O-O 9. Be2 b6 10. e4 Bb7 11. Bd3 d5 12. exd5 Nxd5 13. Bxg7 Kxg7 14. O-O Nf4 15. Be4 Rd8 16. Qe1 Nc6 17. Qe3 Ne6 18. Rfe1 Qf4 19. Qxf4 Nxf4 20. b5 Na5 21. Bxb7 Nxb7 22. Rxe7 Nc5 23. Nb3 Nfe6 24. Nxc5 Nxc5 25. h4 Rd7 26. Rxd7 Nxd7 27. Re1 Kf8 28. Nd4 a6 29. a4 axb5 30. axb5 Nc5 31. h5 Rd8 32. c3 Kg7 33. Re7 Rd5 1-0

[Event "RUS-ch Blitz Men 2018"]
[Site "Sochi"]
[Date "2018.10.07"]
[Round "1"]
[White "Oparin, Grigoriy"]
[Black "Svinarev, Stanislav"]
[Result "1-0"]
[WhiteElo "2624"]
[BlackElo "2082"]
[Annotator "TA"]
[PlyCount "67"]
[EventDate "2018.10.07"]
[EventType "swiss"]
[EventCountry "RUS"]
[SourceTitle "playchess.com"]
[Source "ChessBase"]
[SourceQuality "1"]

1. c4 c6 2. Nf3 d5 3. e3 Nf6 4. Nc3 a6 5. b3 b5 6. Bb2 Bg4 7. h3 Bxf3 8. Qxf3 e6 9. Qg3 Qd6 10. Qxd6 Bxd6 11. Be2 Nbd7 12. O-O O-O 13. Rac1 e5 14. cxd5 cxd5 15. Bf3 e4 16. Be2 Rfc8 17. f3 Ne5 18. fxe4 dxe4 19. g4 Nd3 20. Bxd3 exd3 21. g5 Nh5 22. Ne4 Be7 23. Kg2 Rc2 24. Rxc2 dxc2 25. Rc1 Rc8 26. h4 h6 27. gxh6 f5 28. Nc3 b4 29. Nd5 Bxh4 30. hxg7 Rd8 31. Nxb4 Rxd2+ 32. Kh3 Be7 33. Rxc2 Bxb4 34. Rc8+ 1-0

[Event "RUS-ch Blitz Men 2018"]
[Site "Sochi"]
[Date "2018.10.07"]
[Round "1"]
[White "Alekseev, Evgeny"]
[Black "Pashkov, Anatolij"]
[Result "1/2-1/2"]
[WhiteElo "2620"]
[BlackElo "2196"]
[Annotator "RC"]
[PlyCount "141"]
[EventDate "2018.10.07"]
[EventType "swiss"]
[EventCountry "RUS"]
[SourceTitle "playchess.com"]
[Source "ChessBase"]
[SourceQuality "1"]

1. e4 d5 2. exd5 Nf6 3. Nf3 Nxd5 4. d4 g6 5. c4 Nb6 6. Nc3 Bg7 7. c5 Nd5 8. Bc4 c6 9. O-O O-O 10. Re1 h6 11. Ne5 Be6 12. Bf1 Bf5 13. Qb3 b6 14. Nxd5 cxd5 15. Bf4 bxc5 16. dxc5 Nd7 17. Qxd5 Nxe5 18. Qxd8 Nf3+ 19. gxf3 Rfxd8 20. Be5 Be6 21. Bxg7 Kxg7 22. b4 Kf6 23. a3 Bd5 24. f4 g5 25. fxg5+ hxg5 26. Rac1 a6 27. Rc3 e6 28. a4 Rh8 29. b5 Rh4 30. h3 g4 31. c6 Rg8 32. Kh2 gxh3 33. Rxh3 Rhg4 34. f3 Rxa4 35. bxa6 Bxc6 36. Rd1 Rb8 37. Rd2 Bb5 38. Bxb5 Rxb5 39. Rh6+ Ke7 40. Kg2 Rxa6 41. Rh3 Rba5 42. Rg3 Ra2 43. Rxa2 Rxa2+ 44. Kf1 Kf6 45. Rg4 Kf5 46. Rb4 f6 47. Ke1 e5 48. Rc4 Kg5 49. Rg4+ Kf5 50. Rc4 Ke6 51. Rc6+ Kf5 52. Rc4 Kg6 53. Kf1 f5 54. Kg1 Kg5 55. Rb4 Kf6 56. Rb5 f4 57. Kf1 Kf5 58. Rb8 Kg5 59. Rg8+ Kf6 60. Rb8 Ke6 61. Rb5 Kd6 62. Ke1 Ke6 63. Kf1 Rd2 64. Ke1 Rd5 65. Rb6+ Kf5 66. Rb8 Rd6 67. Ke2 Ra6 68. Rg8 Ra2+ 69. Ke1 e4 70. Rf8+ Kg5 71. Rh8 1/2-1/2

[Event "RUS-ch Blitz Men 2018"]
[Site "Sochi"]
[Date "2018.10.07"]
[Round "1"]
[White "Chigaev, Maksim"]
[Black "Tenikashvili, Georgij"]
[Result "1-0"]
[WhiteElo "2599"]
[BlackElo "2361"]
[Annotator "TA"]
[PlyCount "63"]
[EventDate "2018.10.07"]
[EventType "swiss"]
[EventCountry "RUS"]
[SourceTitle "playchess.com"]
[Source "ChessBase"]
[SourceQuality "1"]

1. e4 c6 2. d4 d5 3. exd5 cxd5 4. Bd3 Nc6 5. c3 Qc7 6. Ne2 e6 7. Bf4 Bd6 8. Bxd6 Qxd6 9. O-O Nge7 10. Nd2 O-O 11. f4 Bd7 12. Nf3 a6 13. Qd2 b5 14. a3 Rab8 15. Ne5 Na5 16. Rae1 Nc4 17. Qc1 a5 18. Ng3 b4 19. axb4 axb4 20. Bxc4 dxc4 21. Nxc4 Qc7 22. Ne5 bxc3 23. bxc3 Rfc8 24. Ne4 Bb5 25. Rf3 Nd5 26. Nc5 Ra8 27. f5 exf5 28. c4 Nb6 29. cxb5 Qd6 30. Nc6 Nd5 31. Rxf5 g6 32. Rxd5 1-0

[Event "RUS-ch Blitz Men 2018"]
[Site "Sochi"]
[Date "2018.10.07"]
[Round "1"]
[White "Maletin, Pavel"]
[Black "Cherenkov, Andrey"]
[Result "1-0"]
[WhiteElo "2586"]
[BlackElo "2226"]
[Annotator "RC"]
[PlyCount "65"]
[EventDate "2018.10.07"]
[EventType "swiss"]
[EventCountry "RUS"]
[SourceTitle "playchess.com"]
[Source "ChessBase"]
[SourceQuality "1"]

1. c4 e5 2. g3 d6 3. Nc3 f5 4. d4 e4 5. Nh3 Be7 6. f3 Nf6 7. Bg2 exf3 8. exf3 O-O 9. O-O d5 10. c5 c6 11. Rb1 a5 12. a3 b6 13. b4 b5 14. Re1 axb4 15. axb4 Re8 16. Bf4 Nbd7 17. Qc2 Nf8 18. Nf2 Nh5 19. Be5 Ng6 20. Nd3 Bf6 21. f4 Be7 22. Qb3 Be6 23. Ra1 Nf6 24. Bxf6 Bxf6 25. Ne5 Qc7 26. Rxa8 Rxa8 27. Nxg6 Bxd4+ 28. Kf1 hxg6 29. Rxe6 Ra1+ 30. Re1 Rxe1+ 31. Kxe1 g5 32. Nxd5 cxd5 33. Qxd5+ 1-0

[Event "RUS-ch Blitz Men 2018"]
[Site "Sochi"]
[Date "2018.10.07"]
[Round "1"]
[White "Rozum, Ivan"]
[Black "Potapenko, Denis"]
[Result "1-0"]
[WhiteElo "2573"]
[BlackElo "2158"]
[Annotator "TA"]
[PlyCount "59"]
[EventDate "2018.10.07"]
[EventType "swiss"]
[EventCountry "RUS"]
[SourceTitle "playchess.com"]
[Source "ChessBase"]
[SourceQuality "1"]

1. e4 d5 2. exd5 Qxd5 3. Nc3 Qa5 4. d4 Nf6 5. Nf3 c6 6. Bc4 Bf5 7. Bd2 e6 8. Nd5 Qd8 9. Nxf6+ gxf6 10. Be3 Rg8 11. g3 Nd7 12. Bd3 Bxd3 13. Qxd3 f5 14. O-O-O Nf6 15. c4 Qa5 16. Kb1 O-O-O 17. Qe2 Ng4 18. Bf4 Bg7 19. h3 Nf6 20. Ne5 Rgf8 21. g4 Ne4 22. gxf5 exf5 23. Qh5 Nd6 24. c5 Bxe5 25. dxe5 Nc4 26. Qxf5+ Kb8 27. e6+ Ka8 28. e7 Rxd1+ 29. Rxd1 Re8 30. Qd7 1-0

[Event "RUS-ch Blitz Men 2018"]
[Site "Sochi"]
[Date "2018.10.07"]
[Round "1"]
[White "Panarin, Mikhail"]
[Black "Nakhodkin, Gennadiy"]
[Result "1-0"]
[WhiteElo "2562"]
[BlackElo "1953"]
[Annotator "ChessBase"]
[PlyCount "53"]
[EventDate "2018.10.07"]
[EventType "swiss"]
[EventCountry "RUS"]
[SourceTitle "playchess.com"]
[Source "ChessBase"]
[SourceQuality "1"]

1. e4 e6 2. d4 b6 3. Bd3 Bb7 4. Nf3 h6 5. Qe2 d6 6. c3 Nd7 7. Nbd2 g6 8. Nf1 Bg7 9. Ng3 Ngf6 10. h3 a6 11. O-O O-O 12. Re1 e5 13. d5 Nc5 14. Bc2 a5 15. c4 Nfd7 16. Rb1 a4 17. Be3 Ba6 18. b4 axb3 19. axb3 Nf6 20. Ra1 Bb7 21. b4 Ncd7 22. c5 bxc5 23. bxc5 dxc5 24. Nd2 Qc8 25. Nb3 Rxa1 26. Rxa1 Ba6 27. Qxa6 1-0

[Event "RUS-ch Blitz Men 2018"]
[Site "Sochi"]
[Date "2018.10.07"]
[Round "1"]
[White "Savchenko, Boris"]
[Black "Tsvetkov, Andrey"]
[Result "1-0"]
[WhiteElo "2562"]
[BlackElo "2264"]
[Annotator "ChessBase"]
[PlyCount "97"]
[EventDate "2018.10.07"]
[EventType "swiss"]
[EventCountry "RUS"]
[SourceTitle "playchess.com"]
[Source "ChessBase"]
[SourceQuality "1"]

1. e4 c5 2. Nf3 d6 3. d4 cxd4 4. Nxd4 Nf6 5. Nc3 a6 6. Bg5 Nbd7 7. Qf3 Qc7 8. O-O-O e6 9. Be2 Be7 10. Qg3 O-O 11. Bh6 Ne8 12. f4 b5 13. a3 Bb7 14. Kb1 Ndf6 15. Bf3 Rc8 16. Rhf1 d5 17. e5 Ne4 18. Bxe4 dxe4 19. f5 Kh8 20. Bxg7+ Nxg7 21. f6 Bxf6 22. exf6 Qxg3 23. hxg3 Nh5 24. g4 Ng3 25. Rfe1 Rc4 26. Re3 Rd8 27. Ndxb5 Rxd1+ 28. Nxd1 Nf1 29. Nd6 Rd4 30. Nxf7+ Kg8 31. Nh6+ Kf8 32. Re1 Nd2+ 33. Kc1 Nc4 34. Ne3 Ne5 35. Rd1 Nc6 36. g5 Rxd1+ 37. Kxd1 Nd4 38. c3 Nc6 39. b4 Ne5 40. c4 Nd3 41. c5 Bc6 42. Kd2 Ne5 43. Kc3 Bb5 44. Kd4 Nc6+ 45. Kxe4 Ba4 46. Nhg4 Nd8 47. Ne5 Nb7 48. N3c4 Bc2+ 49. Kd4 1-0

[Event "RUS-ch Blitz Men 2018"]
[Site "Sochi"]
[Date "2018.10.07"]
[Round "1"]
[White "Iljiushenok, Ilia"]
[Black "Prokhorko, Mikhail"]
[Result "1-0"]
[WhiteElo "2539"]
[BlackElo "2197"]
[Annotator "ChessBase"]
[PlyCount "90"]
[EventDate "2018.10.07"]
[EventType "swiss"]
[EventCountry "RUS"]
[SourceTitle "playchess.com"]
[Source "ChessBase"]
[SourceQuality "1"]

1. e4 c6 2. d4 Qc7 3. Nc3 d6 4. Nf3 Bg4 5. h3 Bh5 6. Be2 e5 7. O-O Be7 8. Be3 a5 9. Nd2 Bg6 10. a4 Nd7 11. Re1 h6 12. Nf1 Ngf6 13. Ng3 Bh7 14. Qd2 g5 15. Nf5 Bxf5 16. exf5 d5 17. dxe5 Nxe5 18. Bd4 O-O-O 19. Qe3 Nfd7 20. Bf1 f6 21. Rad1 Rhe8 22. Qe2 Rg8 23. Qh5 Rdf8 24. Be2 Qd6 25. Bg4 Bd8 26. Be3 Bc7 27. g3 Bb6 28. Bxb6 Nxb6 29. b3 Qb4 30. Ne2 Re8 31. Nd4 Nbd7 32. Ne6 Nc5 33. Qxh6 Ne4 34. Qh7 Kb8 35. Qc7+ Ka7 36. Rxe4 Qxe4 37. Qxa5+ Kb8 38. Qc7+ Ka7 39. Qa5+ Kb8 40. Re1 Qxc2 41. Qc7+ Ka7 42. b4 Nd3 43. Rf1 Qxa4 44. Be2 Nxb4 45. Nc5 Rb8 1-0

[Event "RUS-ch Blitz Men 2018"]
[Site "Sochi"]
[Date "2018.10.07"]
[Round "1"]
[White "Demidov, Mikhail"]
[Black "Pervakov, Sergey"]
[Result "1-0"]
[WhiteElo "2514"]
[BlackElo "2098"]
[Annotator "ChessBase"]
[PlyCount "137"]
[EventDate "2018.10.07"]
[EventType "swiss"]
[EventCountry "RUS"]
[SourceTitle "playchess.com"]
[Source "ChessBase"]
[SourceQuality "1"]

1. Nf3 d6 2. g3 g6 3. d4 Bg7 4. Bg2 Nf6 5. b3 O-O 6. Bb2 Nbd7 7. O-O c6 8. c4 Qc7 9. Nc3 e5 10. e3 a5 11. Qc2 Re8 12. a3 exd4 13. exd4 Nb6 14. a4 Bf5 15. Qd2 d5 16. c5 Nbd7 17. Nh4 Be6 18. Rae1 Nf8 19. Nf3 Rad8 20. h3 Qd7 21. Ne5 Qc7 22. Ne2 Ne4 23. Qc1 Qc8 24. Nf4 Bf5 25. Kh2 Ne6 26. Nxe6 Bxe6 27. f3 Nf6 28. Qd2 Nd7 29. f4 Qc7 30. Bc3 Ra8 31. Re2 b6 32. cxb6 Qxb6 33. Rb1 Bf5 34. Rb2 f6 35. Nxd7 Bxd7 36. Rxe8+ Bxe8 37. Qe3 Bf7 38. Qd2 f5 39. Rb1 Ra7 40. Qc2 Bxd4 41. Bxd4 Qxd4 42. Qxc6 Re7 43. Qc2 Re3 44. Rd1 Qb4 45. Bxd5 Bxd5 46. Rxd5 Qxb3 47. Qc8+ Kf7 48. Rd7+ Re7 49. Rxe7+ Kxe7 50. Qc5+ Kf7 51. Qa7+ Ke6 52. Qa6+ Kf7 53. Qxa5 Qc2+ 54. Kg1 Qc1+ 55. Kf2 Qc2+ 56. Ke3 Qb3+ 57. Kd4 Qxg3 58. Qc7+ Kg8 59. a5 Qf2+ 60. Ke5 Qb2+ 61. Ke6 Qb3+ 62. Kd6 Qd3+ 63. Kc6 Qe4+ 64. Kb6 Qd4+ 65. Kb7 Qe4+ 66. Kb8 Qb4+ 67. Kc8 Qb5 68. Qd8+ Kf7 69. Qd7+ 1-0

[Event "RUS-ch Blitz Men 2018"]
[Site "Sochi"]
[Date "2018.10.07"]
[Round "1"]
[White "Kezin, Roman"]
[Black "Kryzhanovskiy, Mikhail"]
[Result "0-1"]
[WhiteElo "2471"]
[BlackElo "2064"]
[Annotator "ChessBase"]
[PlyCount "114"]
[EventDate "2018.10.07"]
[EventType "swiss"]
[EventCountry "RUS"]
[SourceTitle "playchess.com"]
[Source "ChessBase"]
[SourceQuality "1"]

1. d4 Nf6 2. c4 e6 3. g3 d5 4. Bg2 c6 5. Nf3 Nbd7 6. Qc2 Be7 7. O-O O-O 8. Nbd2 Re8 9. Rd1 b6 10. e4 dxe4 11. Nxe4 Nxe4 12. Qxe4 Bb7 13. Bf4 Nf6 14. Qc2 c5 15. dxc5 Qc8 16. cxb6 axb6 17. a4 h6 18. b3 Bc5 19. Be5 Rd8 20. Rxd8+ Qxd8 21. Rd1 Qe7 22. Bd4 Ne4 23. Ne5 f5 24. Ng6 Qc7 25. Bxc5 Qxc5 26. Nf4 Qe7 27. h4 Re8 28. Qd3 Qc5 29. Qe3 Qb4 30. Kh2 Nf6 31. Kg1 Ng4 32. Qd3 Bxg2 33. Kxg2 Qc5 34. Qe2 Qb4 35. Rd3 Qe7 36. f3 Nf6 37. Qe5 Qb7 38. Nxe6 Qe7 39. Re3 Nd7 40. Qxf5 Nc5 41. Nxc5 Qxe3 42. Ne4 Qe2+ 43. Kh3 Rf8 44. Qd5+ Kh8 45. Nd2 Qe7 46. h5 Rd8 47. Qe4 Qd7+ 48. g4 Qxd2 49. Qe6 Qf2 50. Qc6 Rf8 51. f4 Qxf4 52. Qxb6 Qf1+ 53. Kg3 Qf3+ 54. Kh2 Qe2+ 55. Kg3 Re8 56. Qc6 Re3+ 57. Kf4 Qf2+ 0-1

[Event "RUS-ch Blitz Men 2018"]
[Site "Sochi"]
[Date "2018.10.07"]
[Round "1"]
[White "Remizov, Yaroslav"]
[Black "Tomashevsky, Evgeny"]
[Result "0-1"]
[WhiteElo "2315"]
[BlackElo "2705"]
[Annotator "TA"]
[PlyCount "50"]
[EventDate "2018.10.07"]
[EventType "swiss"]
[EventCountry "RUS"]
[SourceTitle "playchess.com"]
[Source "ChessBase"]
[SourceQuality "1"]

1. e4 c6 2. d4 d5 3. e5 Bf5 4. Nf3 e6 5. Be2 Ne7 6. O-O Bg6 7. Nbd2 Nf5 8. Nb3 Nd7 9. Bd2 Be7 10. c4 dxc4 11. Na5 Qc7 12. Nxc4 O-O 13. Rc1 Rac8 14. b4 Qb8 15. Qb3 Nb6 16. Nxb6 axb6 17. Rfd1 Rfd8 18. Be3 b5 19. h3 Qa7 20. g4 Nxe3 21. fxe3 Ra8 22. Rd2 Qa3 23. Rb2 Bxb4 24. Qxb4 Qxe3+ 25. Kf1 Qxc1+ 0-1

[Event "RUS-ch Blitz Men 2018"]
[Site "Sochi"]
[Date "2018.10.07"]
[Round "1"]
[White "Chizhikov, Vladislav"]
[Black "Dubov, Daniil"]
[Result "0-1"]
[WhiteElo "2304"]
[BlackElo "2703"]
[Annotator "TA"]
[PlyCount "80"]
[EventDate "2018.10.07"]
[EventType "swiss"]
[EventCountry "RUS"]
[SourceTitle "playchess.com"]
[Source "ChessBase"]
[SourceQuality "1"]

1. e4 c5 2. Nf3 e6 3. b3 d6 4. Bb2 Bd7 5. c4 e5 6. Nc3 Nc6 7. g3 g6 8. h4 Nf6 9. Bh3 Bxh3 10. Rxh3 Bg7 11. Kf1 O-O 12. Kg2 Nd4 13. d3 Qd7 14. Nd5 Nxd5 15. cxd5 Nxf3 16. Qxf3 f5 17. Rhh1 h5 18. Bc1 f4 19. Bd2 Bh6 20. Rad1 Kh7 21. Rhf1 Rf7 22. Bc1 Raf8 23. gxf4 Bxf4 24. Qh3 Qxh3+ 25. Kxh3 Bxc1 26. Rxc1 Rf3+ 27. Kg2 Rxd3 28. b4 cxb4 29. Rc7+ Kh6 30. Rxb7 Rf4 31. f3 Rxh4 32. Rc1 Rd2+ 33. Kg1 Rhh2 34. Rc8 Rdg2+ 35. Kf1 Rxa2 36. Kg1 Rhb2 37. Rc1 b3 38. Rb4 h4 39. Rb7 h3 40. Kh1 Rh2+ 0-1

[Event "RUS-ch Blitz Men 2018"]
[Site "Sochi"]
[Date "2018.10.07"]
[Round "1"]
[White "Uzhva, Andrey"]
[Black "Romanov, Evgeny"]
[Result "0-1"]
[WhiteElo "2270"]
[BlackElo "2614"]
[Annotator "ChessBase"]
[PlyCount "102"]
[EventDate "2018.10.07"]
[EventType "swiss"]
[EventCountry "RUS"]
[SourceTitle "playchess.com"]
[Source "ChessBase"]
[SourceQuality "1"]

1. d4 Nf6 2. Nf3 e6 3. c4 b6 4. g3 Ba6 5. Qc2 c5 6. Bg2 Bb7 7. O-O cxd4 8. Nxd4 Bxg2 9. Kxg2 Qc8 10. Qa4 Be7 11. Nc3 O-O 12. e4 d6 13. h3 Qb7 14. Re1 Rc8 15. b3 Nbd7 16. Ba3 a6 17. Rac1 Ne5 18. Re3 Nfd7 19. Bb4 b5 20. cxb5 axb5 21. Qxb5 Qa7 22. Nc2 Nc6 23. Ba3 Rab8 24. Qe2 Qb7 25. Bb2 Bf6 26. Nd1 Nde5 27. f4 Nd7 28. Bxf6 Nxf6 29. Na3 Nd4 30. Rxc8+ Rxc8 31. Qd3 e5 32. Nc4 Qc6 33. fxe5 dxe5 34. Nxe5 Qc5 35. Nc4 Ne6 36. Qd6 Qa7 37. Nc3 Rxc4 38. bxc4 Qxe3 39. Qb8+ Nf8 40. Nd5 Qxe4+ 41. Kf2 Nxd5 42. cxd5 Qxd5 43. Qa7 g6 44. h4 h5 45. Qa6 Nd7 46. Qa7 Ne5 47. Qb8+ Kg7 48. Qb2 Kh7 49. Qa3 Ng4+ 50. Ke1 Qe4+ 51. Kd1 Ne3+ 0-1

[Event "RUS-ch Blitz Men 2018"]
[Site "Sochi"]
[Date "2018.10.07"]
[Round "1"]
[White "Linker, Mikhail"]
[Black "Sychev, Klementy"]
[Result "0-1"]
[WhiteElo "2269"]
[BlackElo "2534"]
[Annotator "ChessBase"]
[PlyCount "48"]
[EventDate "2018.10.07"]
[EventType "swiss"]
[EventCountry "RUS"]
[SourceTitle "playchess.com"]
[Source "ChessBase"]
[SourceQuality "1"]

1. d4 Nf6 2. c4 g6 3. Nf3 Bg7 4. Nc3 d5 5. cxd5 Nxd5 6. e4 Nxc3 7. bxc3 c5 8. Rb1 O-O 9. Be2 Nc6 10. d5 Bxc3+ 11. Bd2 Bxd2+ 12. Qxd2 Na5 13. h4 Bg4 14. h5 Bxf3 15. hxg6 Bxe4 16. gxh7+ Kh8 17. Rb5 b6 18. Rh5 Qd6 19. f3 Bg6 20. Rh6 Rad8 21. Qc3+ Qf6 22. Qd2 Qa1+ 23. Bd1 Qe5+ 24. Kf1 Rxd5 0-1

[Event "RUS-ch Blitz Men 2018"]
[Site "Sochi"]
[Date "2018.10.07"]
[Round "1"]
[White "Temirkanov, David"]
[Black "Esipenko, Andrey"]
[Result "1/2-1/2"]
[WhiteElo "2262"]
[BlackElo "2609"]
[Annotator "TA"]
[PlyCount "45"]
[EventDate "2018.10.07"]
[EventType "swiss"]
[EventCountry "RUS"]
[SourceTitle "playchess.com"]
[Source "ChessBase"]
[SourceQuality "1"]

1. e4 c6 2. d4 d5 3. exd5 cxd5 4. Bd3 Nc6 5. c3 Nf6 6. Bf4 Bg4 7. Qb3 Qc8 8. Nd2 e6 9. Ngf3 Bh5 10. O-O Bg6 11. Bxg6 hxg6 12. Rfe1 Be7 13. a4 O-O 14. Qd1 a6 15. Ne5 Nxe5 16. Bxe5 b5 17. axb5 axb5 18. Rxa8 Qxa8 19. b4 Rc8 20. Qf3 Qa3 21. Nb1 Qb2 22. h3 Ne4 23. Qd3 1/2-1/2